000 00534nam a2200181Ia 4500
005 20250923144833.0
008 008 250917s9999 xx 000 0 eng d
037 _aTextual
040 _aDSWL
_beng
_cDSWL
041 _aeng
_2eng
084 _aS80Y1, G7
_qDSWL
100 _aHeinrich, J.C.
_9828918
245 4 _aThe Psychology of a Suppressed People
_cby J.C. Heinrich
260 _aLondon
_bGeorgeAllen & Unwin
_c1937
300 _aviii,148p.
942 _cTEXL
_hS80Y1, G7
999 _c1443960
_d1443960